01595nam a2200373 a 4500001001000000003000500010005001700015008004100032010001100073011001100084040000900095090001000104100004300114245017200157260004100329500006000370502007500430590004100505590003700546590004000583590004000623650003500663650004400698650004500742700004000787856001600827856007000843901000700913942001000920942000600930999001900936952013100955952013501086000114577CHAP20220329144447.0180306s2017 mx |sm |||||||spa d a111038 a112010 cCHAP aTesis1 aAndrade Moreno, Edgar Efraín913471210aComportamiento productivo de dos genotipos (Gran San Gabriel y 202700) de Lotus corniculatus L. en invierno-primaverah[En línea]cpor Edgar Efraín Andrade Moreno. aChapingo, Méx. :bEl autor,c2017. aPara ver el contenido del material haga clic en la liga aTesis (Ing. Agr. Esp. en Zootecnia) -- UACH. Departamento de Zootecnia aBATCH-UPDb05c20180306lUCH01h0919 aBATCHb00c20181121lUCH01h0758 aE6337LMJb05c20180306lUCH01h0918 aE6337LMJb05c20180306lUCH01h092214aForrajesxProducción.94258914aLotus corniculatusxGenética.913471514aLotus corniculatusxRendimiento.91323791 aOlguín Vitales, Marciano.9134713 a1 n0000361 aFinding aiduhttp://10.13.5.2/tesis/sist114577.pdfzTeclea aquí aBK cTESIS n0 c111038d111038 00104054718TESISaBCbBCd2018-03-06fTESISl0oTesisp114578-10r2019-12-31 00:00:00w2019-12-31yTESISzRecien adquirido 00102local4053708TESISaBCbBCcPA_TESISd2018-03-06fTESISl0oTesisp114578-20r2019-12-31 00:00:00tc.2w2019-12-31yTESIS